Report of the United Nations regional communities development conference for south & south east Asia (Record no. 1447370)

MARC details
000 -LEADER
fixed length control field 00623nam a2200193Ia 4500
005 - DATE AND TIME OF LATEST TRANSACTION
control field 20250923145122.0
008 - FIXED-LENGTH DATA ELEMENTS--GENERAL INFORMATION
fixed length control field 008 250917s9999 xx 000 0 eng d
037 ## - SOURCE OF ACQUISITION
Stock number Reports
040 ## - CATALOGING SOURCE
Original cataloging agency DSWL
Language of cataloging eng
Transcribing agency DSWL
041 ## - LANGUAGE CODE
Language code of text/sound track or separate title eng
Source of code eng
084 ## - COLON CLASSIFICATION NUMBER
Classification number Y#:7:7P43,N54, N55
Assigning agency DSWL
245 #0 - TITLE STATEMENT
Title Report of the United Nations regional communities development conference for south & south east Asia
Statement of responsibility, etc. by United Nations
260 ## - PUBLICATION, DISTRIBUTION, ETC.
Name of publisher, distributor, etc. United Nations Publications
Date of publication, distribution, etc. 1955
300 ## - PHYSICAL DESCRIPTION
Extent vii,112 p.
365 ## - TRADE PRICE
Price type code USD
Price amount 0.5
925 ## -
-- 0.5
942 ## - ADDED ENTRY ELEMENTS (KOHA)
Koha item type Reports
Classification part Y#:7:7P43,N54, N55
Holdings
Withdrawn status Lost status Damaged status Not for loan Home library Current library Date acquired Inventory number Total Checkouts Full call number Barcode Date last seen Price effective from Koha item type
        Department of Social Work Library Department of Social Work Library 2025-09-23 0/199/68 10/05/1968   Y#:7:7P43,N54, N55 SW0012996 2025-09-23 2025-09-23 Reports
Copyright @ Delhi University Library System